[Event "ODJM B 2025"]
[Site "Willingen GER"]
[Date "2025.06.12"]
[Round "7"]
[White "Özkurt, Kaan"]
[Black "Müller, Maximilian"]
[Result "1/2-1/2"]
[Termination "normal"]
[Board "30"]
[WhiteElo "1779"]
[BlackElo "1745"]
[WhiteClock "00:33:45"]
[BlackClock "00:48:16"]
[PlyCount "52"]
[WhiteFideId "34655182"]
[BlackFideId "34640282"]
[EventCountry "GER"]
[EventRounds "9"]
[EventType "swiss"]
[EventDate "2025.06.07"]

1. e4 {[%clk 01:30:59]} e5 {[%clk 01:30:55]} {[%emt 00:00:05]} 2. Nf3 {[%clk
01:31:24]} {[%emt 00:00:05]} Nc6 {[%clk 01:31:21]} {[%emt 00:00:04]} 3. Bc4
{[%clk 01:31:48]} {[%emt 00:00:06]} Bc5 {[%clk 01:31:47]} {[%emt 00:00:04]} 4.
b4 {[%clk 01:31:45]} {[%emt 00:00:33]} Bxb4 {[%clk 01:32:12]} {[%emt 00:00:05]}
5. c3 {[%clk 01:32:12]} {[%emt 00:00:04]} Ba5 {[%clk 01:32:37]} {[%emt
00:00:04]} 6. d4 {[%clk 01:32:38]} {[%emt 00:00:04]} b5 {[%clk 01:32:46]}
{[%emt 00:00:21]} 7. Bxb5 {[%clk 01:32:25]} {[%emt 00:00:43]} Nxd4 {[%clk
01:33:07]} {[%emt 00:00:09]} 8. Nxd4 {[%clk 01:32:29]} {[%emt 00:00:26]} exd4
{[%clk 01:33:32]} {[%emt 00:00:05]} 9. Qxd4 {[%clk 01:32:49]} {[%emt 00:00:10]}
Qf6 {[%clk 01:33:59]} {[%emt 00:00:03]} 10. O-O {[%clk 01:23:53]} {[%emt
00:09:27]} Bb6 {[%clk 01:32:42]} {[%emt 00:01:46]} 11. Qd3 {[%clk 01:16:29]}
{[%emt 00:07:54]} Ne7 {[%clk 01:28:41]} {[%emt 00:04:31]} 12. Ba3 {[%clk
01:10:18]} {[%emt 00:06:42]} O-O {[%clk 01:23:05]} {[%emt 00:06:04]} 13. Nd2
{[%clk 01:04:47]} {[%emt 00:06:01]} d6 {[%clk 01:19:16]} {[%emt 00:04:20]} 14.
Nc4 {[%clk 01:00:08]} {[%emt 00:05:10]} Be6 {[%clk 01:17:17]} {[%emt 00:02:28]}
15. Bb2 {[%clk 00:49:31]} {[%emt 00:11:07]} Bc5 {[%clk 01:13:23]} {[%emt
00:04:25]} 16. Ne3 {[%clk 00:49:38]} {[%emt 00:00:22]} Rab8 {[%clk 01:10:56]}
{[%emt 00:02:56]} 17. Rfb1 {[%clk 00:47:51]} {[%emt 00:02:18]} c6 {[%clk
01:04:37]} {[%emt 00:06:50]} 18. Ba4 {[%clk 00:47:42]} {[%emt 00:00:39]} d5
{[%clk 01:03:47]} {[%emt 00:01:19]} 19. Bc2 {[%clk 00:41:26]} {[%emt 00:06:46]}
Qg6 {[%clk 00:50:35]} {[%emt 00:13:42]} 20. exd5 {[%clk 00:36:42]} {[%emt
00:05:14]} Qxd3 {[%clk 00:49:29]} {[%emt 00:01:36]} 21. Bxd3 {[%clk 00:37:06]}
{[%emt 00:00:06]} Nxd5 {[%clk 00:49:53]} {[%emt 00:00:06]} 22. Nxd5 {[%clk
00:37:12]} {[%emt 00:00:24]} Bxd5 {[%clk 00:49:55]} {[%emt 00:00:28]} 23. c4
{[%clk 00:36:52]} {[%emt 00:00:51]} Be6 {[%clk 00:50:19]} {[%emt 00:00:05]} 24.
Bc3 {[%clk 00:35:31]} {[%emt 00:01:51]} Rfd8 {[%clk 00:49:43]} {[%emt
00:01:06]} 25. Rxb8 {[%clk 00:33:49]} {[%emt 00:02:12]} Rxb8 {[%clk 00:49:51]}
{[%emt 00:00:21]} 26. Rd1 {[%clk 00:33:45]} {[%emt 00:00:36]} Bb6 {[%clk
00:48:16]} {[%emt 00:02:05]} 1/2-1/2

[Event "ODJM B 2025"]
[Site "Willingen GER"]
[Date "2025.06.12"]
[Round "7"]
[White "Han, Erdem"]
[Black "Göb, Franziska"]
[Result "1/2-1/2"]
[Termination "normal"]
[Board "31"]
[WhiteElo "1765"]
[BlackElo "1611"]
[WhiteClock "00:02:01"]
[BlackClock "00:04:45"]
[PlyCount "115"]
[WhiteFideId "533000646"]
[BlackFideId "16293177"]
[EventCountry "GER"]
[EventRounds "9"]
[EventType "swiss"]
[EventDate "2025.06.07"]

1. e4 {[%clk 01:30:58]} e5 {[%clk 01:30:55]} {[%emt 00:00:06]} 2. Nf3 {[%clk
01:31:18]} {[%emt 00:00:10]} Nc6 {[%clk 01:31:20]} {[%emt 00:00:06]} 3. Nc3
{[%clk 01:31:37]} {[%emt 00:00:10]} Nf6 {[%clk 01:30:50]} {[%emt 00:01:00]} 4.
a3 {[%clk 01:31:52]} {[%emt 00:00:15]} a6 {[%clk 01:29:50]} {[%emt 00:01:30]}
5. d4 {[%clk 01:28:15]} {[%emt 00:04:07]} exd4 {[%clk 01:24:26]} {[%emt
00:05:54]} 6. Nxd4 {[%clk 01:27:45]} {[%emt 00:00:59]} d6 {[%clk 01:21:30]}
{[%emt 00:03:27]} 7. Bc4 {[%clk 01:18:40]} {[%emt 00:09:35]} Ne5 {[%clk
01:14:10]} {[%emt 00:07:50]} 8. Ba2 {[%clk 01:13:27]} {[%emt 00:05:41]} Be7
{[%clk 01:09:47]} {[%emt 00:04:54]} 9. O-O {[%clk 01:04:45]} {[%emt 00:09:12]}
O-O {[%clk 01:04:47]} {[%emt 00:05:30]} 10. f4 {[%clk 00:59:20]} {[%emt
00:05:55]} Nc6 {[%clk 00:58:43]} {[%emt 00:06:34]} 11. h3 {[%clk 00:58:37]}
{[%emt 00:01:13]} Nxd4 {[%clk 00:51:41]} {[%emt 00:07:32]} 12. Qxd4 {[%clk
00:58:56]} {[%emt 00:00:11]} c5 {[%clk 00:47:21]} {[%emt 00:04:51]} 13. Qd3
{[%clk 00:56:46]} {[%emt 00:02:39]} b5 {[%clk 00:42:31]} {[%emt 00:05:20]} 14.
Bd5 {[%clk 00:50:59]} {[%emt 00:06:18]} Nxd5 {[%clk 00:37:51]} {[%emt
00:05:09]} 15. Nxd5 {[%clk 00:51:05]} {[%emt 00:00:24]} Bb7 {[%clk 00:35:28]}
{[%emt 00:02:52]} 16. c4 {[%clk 00:45:45]} {[%emt 00:05:51]} Bxd5 {[%clk
00:32:47]} {[%emt 00:03:12]} 17. Qxd5 {[%clk 00:39:21]} {[%emt 00:06:54]} Qc7
{[%clk 00:30:21]} {[%emt 00:02:55]} 18. Bd2 {[%clk 00:35:02]} {[%emt 00:04:49]}
Bf6 {[%clk 00:27:58]} {[%emt 00:02:53]} 19. Rab1 {[%clk 00:33:33]} {[%emt
00:02:00]} Rfe8 {[%clk 00:25:42]} {[%emt 00:02:44]} 20. Rfe1 {[%clk 00:32:22]}
{[%emt 00:01:41]} Bd4+ {[%clk 00:24:06]} {[%emt 00:02:06]} 21. Be3 {[%clk
00:30:39]} {[%emt 00:02:13]} Bf6 {[%clk 00:20:18]} {[%emt 00:04:18]} 22. Bf2
{[%clk 00:25:49]} {[%emt 00:05:21]} Rab8 {[%clk 00:17:36]} {[%emt 00:03:13]}
23. b3 {[%clk 00:21:39]} {[%emt 00:04:40]} h6 {[%clk 00:15:15]} {[%emt
00:02:51]} 24. g4 {[%clk 00:15:24]} {[%emt 00:06:44]} Rbd8 {[%clk 00:12:08]}
{[%emt 00:03:37]} 25. Kg2 {[%clk 00:14:04]} {[%emt 00:01:51]} Re7 {[%clk
00:10:49]} {[%emt 00:01:47]} 26. h4 {[%clk 00:12:20]} {[%emt 00:02:15]} Qc8
{[%clk 00:09:19]} {[%emt 00:01:58]} 27. Kg3 {[%clk 00:10:56]} {[%emt 00:01:57]}
Ree8 {[%clk 00:08:33]} {[%emt 00:01:15]} 28. g5 {[%clk 00:09:30]} {[%emt
00:01:56]} Bc3 {[%clk 00:07:16]} {[%emt 00:01:47]} 29. Rec1 {[%clk 00:08:51]}
{[%emt 00:01:09]} b4 {[%clk 00:07:03]} {[%emt 00:00:43]} 30. axb4 {[%clk
00:06:50]} {[%emt 00:02:31]} Bxb4 {[%clk 00:06:07]} {[%emt 00:01:26]} 31. Be1
{[%clk 00:06:18]} {[%emt 00:01:02]} a5 {[%clk 00:05:45]} {[%emt 00:00:53]} 32.
Bxb4 {[%clk 00:06:30]} {[%emt 00:00:18]} axb4 {[%clk 00:05:41]} {[%emt
00:00:34]} 33. Ra1 {[%clk 00:05:14]} {[%emt 00:01:46]} Qe6 {[%clk 00:05:03]}
{[%emt 00:01:07]} 34. Re1 {[%clk 00:04:30]} {[%emt 00:01:14]} Qxd5 {[%clk
00:04:40]} {[%emt 00:00:53]} 35. exd5 {[%clk 00:01:57]} {[%emt 00:03:03]} hxg5
{[%clk 00:04:03]} {[%emt 00:01:07]} 36. hxg5 {[%clk 00:01:43]} {[%emt
00:00:44]} Kf8 {[%clk 00:02:43]} {[%emt 00:01:50]} 37. Rxe8+ {[%clk 00:01:30]}
{[%emt 00:00:44]} Rxe8 {[%clk 00:02:30]} {[%emt 00:00:43]} 38. Kf3 {[%clk
00:01:37]} {[%emt 00:00:22]} Ke7 {[%clk 00:01:57]} {[%emt 00:01:02]} 39. Ra7+
{[%clk 00:01:36]} {[%emt 00:00:31]} Kf8 {[%clk 00:01:42]} {[%emt 00:00:45]} 40.
Rd7 {[%clk 00:01:28]} {[%emt 00:00:40]} Ra8 {[%clk 00:01:39]} {[%emt 00:00:32]}
41. Rxd6 {[%clk 00:28:55]} {[%emt 00:03:03]} Ra3 {[%clk 00:29:10]} {[%emt
00:02:59]} 42. Rc6 {[%clk 00:22:14]} {[%emt 00:07:11]} Rxb3+ {[%clk 00:26:27]}
{[%emt 00:03:13]} 43. Ke4 {[%clk 00:21:18]} {[%emt 00:01:26]} Rb1 {[%clk
00:23:23]} {[%emt 00:03:33]} 44. Rxc5 {[%clk 00:20:31]} {[%emt 00:01:18]} b3
{[%clk 00:21:23]} {[%emt 00:02:31]} 45. Rb5 {[%clk 00:11:28]} {[%emt 00:09:32]}
b2 {[%clk 00:16:22]} {[%emt 00:05:31]} 46. Kd3 {[%clk 00:10:26]} {[%emt
00:01:33]} Rd1+ {[%clk 00:12:17]} {[%emt 00:04:33]} 47. Kc2 {[%clk 00:10:17]}
{[%emt 00:00:40]} Rc1+ {[%clk 00:11:47]} {[%emt 00:00:59]} 48. Kxb2 {[%clk
00:10:16]} {[%emt 00:00:32]} Rxc4 {[%clk 00:12:09]} {[%emt 00:00:08]} 49. d6
{[%clk 00:05:38]} {[%emt 00:05:09]} Ke8 {[%clk 00:10:11]} {[%emt 00:02:26]} 50.
Rb8+ {[%clk 00:03:52]} {[%emt 00:02:17]} Kd7 {[%clk 00:10:22]} {[%emt
00:00:18]} 51. Rb7+ {[%clk 00:04:07]} {[%emt 00:00:15]} Kxd6 {[%clk 00:08:13]}
{[%emt 00:02:39]} 52. Rxf7 {[%clk 00:04:10]} {[%emt 00:00:27]} Ke6 {[%clk
00:07:38]} {[%emt 00:01:01]} 53. g6 {[%clk 00:03:34]} {[%emt 00:01:11]} Rc5
{[%clk 00:06:08]} {[%emt 00:01:57]} 54. Kb3 {[%clk 00:03:21]} {[%emt 00:00:45]}
Rf5 {[%clk 00:05:28]} {[%emt 00:01:09]} 55. Rxg7 {[%clk 00:02:37]} {[%emt
00:01:15]} Rxf4 {[%clk 00:04:45]} {[%emt 00:01:13]} 56. Rg8 {[%clk 00:01:39]}
{[%emt 00:01:28]} Rg4 {[%clk 00:04:39]} {[%emt 00:00:35]} 57. g7 {[%clk
00:01:39]} {[%emt 00:00:30]} Kf7 {[%clk 00:04:45]} {[%emt 00:00:24]} 58. Ra8
{[%clk 00:02:01]} {[%emt 00:00:09]} 1/2-1/2

[Event "ODJM B 2025"]
[Site "Willingen GER"]
[Date "2025.06.12"]
[Round "7"]
[White "He, Saiqi"]
[Black "Kanno, Clara Yumi"]
[Result "1-0"]
[Termination "normal"]
[Board "32"]
[WhiteElo "1700"]
[BlackElo "1706"]
[WhiteClock "00:51:03"]
[BlackClock "00:50:38"]
[PlyCount "61"]
[WhiteFideId "16292723"]
[BlackFideId "16259661"]
[EventCountry "GER"]
[EventRounds "9"]
[EventType "swiss"]
[EventDate "2025.06.07"]

1. d4 {[%clk 01:30:53]} {[%emt 00:00:06]} d5 {[%clk 01:30:18]} {[%emt
00:00:43]} 2. c4 {[%clk 01:31:18]} {[%emt 00:00:05]} c6 {[%clk 01:30:42]}
{[%emt 00:00:06]} 3. Nc3 {[%clk 01:31:25]} {[%emt 00:00:23]} Nf6 {[%clk
01:31:06]} {[%emt 00:00:06]} 4. Nf3 {[%clk 01:31:50]} {[%emt 00:00:05]} a6
{[%clk 01:31:29]} {[%emt 00:00:06]} 5. g3 {[%clk 01:31:53]} {[%emt 00:00:28]}
dxc4 {[%clk 01:31:01]} {[%emt 00:00:58]} 6. Bg2 {[%clk 01:31:53]} {[%emt
00:00:30]} Bf5 {[%clk 01:31:02]} {[%emt 00:00:28]} 7. O-O {[%clk 01:32:10]}
{[%emt 00:00:13]} e6 {[%clk 01:31:04]} {[%emt 00:00:28]} 8. Ne5 {[%clk
01:32:16]} {[%emt 00:00:24]} Be7 {[%clk 01:28:32]} {[%emt 00:03:03]} 9. Nxc4
{[%clk 01:30:41]} {[%emt 00:02:05]} O-O {[%clk 01:27:33]} {[%emt 00:01:29]} 10.
e4 {[%emt 00:03:07]} Bg6 {[%clk 01:27:05]} {[%emt 00:00:55]} 11. Be3 {[%clk
01:25:56]} {[%emt 00:02:39]} Nbd7 {[%clk 01:25:38]} {[%emt 00:01:58]} 12. Re1
{[%clk 01:24:47]} {[%emt 00:01:39]} b5 {[%clk 01:22:05]} {[%emt 00:04:03]} 13.
Nd2 {[%clk 01:24:59]} {[%emt 00:00:18]} Rc8 {[%clk 01:19:25]} {[%emt 00:03:11]}
14. Rc1 {[%clk 01:24:09]} {[%emt 00:01:18]} b4 {[%clk 01:15:56]} {[%emt
00:04:00]} 15. Ne2 {[%clk 01:22:37]} {[%emt 00:02:02]} Qa5 {[%clk 01:11:57]}
{[%emt 00:04:28]} 16. Qb3 {[%clk 01:15:47]} {[%emt 00:07:20]} Nb6 {[%clk
01:05:22]} {[%emt 00:07:05]} 17. Nf4 {[%clk 01:11:12]} {[%emt 00:05:05]} Ng4
{[%clk 01:04:03]} {[%emt 00:01:49]} 18. Nc4 {[%clk 01:02:22]} {[%emt 00:09:21]}
Nxc4 {[%clk 01:03:25]} {[%emt 00:01:09]} 19. Qxc4 {[%clk 01:02:17]} {[%emt
00:00:34]} Nxe3 {[%clk 01:03:03]} {[%emt 00:00:52]} 20. Rxe3 {[%clk 01:02:34]}
{[%emt 00:00:14]} Rfd8 {[%clk 01:01:37]} {[%emt 00:01:56]} 21. e5 {[%clk
00:58:34]} {[%emt 00:04:28]} Rc7 {[%clk 00:56:26]} {[%emt 00:05:42]} 22. d5
{[%clk 00:52:32]} {[%emt 00:06:30]} exd5 {[%clk 00:54:14]} {[%emt 00:02:45]}
23. Nxd5 {[%clk 00:52:53]} {[%emt 00:00:09]} Rcd7 {[%clk 00:53:51]} {[%emt
00:00:52]} 24. Nxe7+ {[%clk 00:52:51]} {[%emt 00:00:32]} Rxe7 {[%clk 00:54:14]}
{[%emt 00:00:06]} 25. f4 {[%clk 00:51:42]} {[%emt 00:01:40]} Qb6 {[%clk
00:50:42]} {[%emt 00:04:02]} 26. Qc5 {[%clk 00:49:47]} {[%emt 00:02:24]} Rd1+
{[%clk 00:50:24]} {[%emt 00:00:49]} 27. Rxd1 {[%emt 00:00:48]} Qxc5 {[%clk
00:49:23]} {[%emt 00:01:30]} 28. Rd8+ {[%clk 00:49:53]} {[%emt 00:00:07]} Re8
{[%clk 00:49:46]} {[%emt 00:00:07]} 29. Rxe8+ {[%clk 00:50:20]} {[%emt
00:00:03]} Qf8 {[%clk 00:50:09]} {[%emt 00:00:07]} 30. Rxf8+ {[%clk 00:50:43]}
{[%emt 00:00:07]} Kxf8 {[%clk 00:50:38]} {[%emt 00:00:02]} 31. Bxc6 {[%clk
00:51:03]} {[%emt 00:00:09]} 1-0

[Event "ODJM B 2025"]
[Site "Willingen GER"]
[Date "2025.06.12"]
[Round "7"]
[White "Sauer, Ben"]
[Black "Zussner, Tim"]
[Result "1/2-1/2"]
[Termination "normal"]
[Board "33"]
[WhiteElo "1675"]
[BlackElo "1800"]
[WhiteClock "00:22:46"]
[BlackClock "00:00:34"]
[PlyCount "81"]
[WhiteFideId "34606866"]
[BlackFideId "34642765"]
[EventCountry "GER"]
[EventRounds "9"]
[EventType "swiss"]
[EventDate "2025.06.07"]

1. e4 {[%clk 01:30:57]} {[%emt 00:00:02]} c5 {[%clk 01:30:56]} {[%emt
00:00:05]} 2. Nf3 {[%clk 01:31:14]} {[%emt 00:00:13]} e6 {[%clk 01:31:22]}
{[%emt 00:00:05]} 3. d4 {[%clk 01:31:28]} {[%emt 00:00:16]} cxd4 {[%clk
01:31:46]} {[%emt 00:00:05]} 4. Nxd4 {[%clk 01:31:39]} {[%emt 00:00:19]} Nc6
{[%clk 01:32:10]} {[%emt 00:00:06]} 5. Nc3 {[%clk 01:31:03]} {[%emt 00:01:06]}
a6 {[%clk 01:32:28]} {[%emt 00:00:12]} 6. Be3 {[%clk 01:29:58]} {[%emt
00:01:36]} Qc7 {[%clk 01:31:45]} {[%emt 00:01:13]} 7. a3 {[%clk 01:29:01]}
{[%emt 00:01:26]} Be7 {[%clk 01:29:29]} {[%emt 00:02:46]} 8. Be2 {[%clk
01:27:41]} {[%emt 00:01:50]} b5 {[%clk 01:28:26]} {[%emt 00:01:33]} 9. O-O
{[%clk 01:25:25]} {[%emt 00:02:46]} Bb7 {[%clk 01:27:44]} {[%emt 00:01:13]} 10.
f3 {[%clk 01:08:41]} {[%emt 00:17:14]} Nf6 {[%clk 01:23:21]} {[%emt 00:04:53]}
11. Bf2 {[%clk 00:58:46]} {[%emt 00:10:24]} O-O {[%clk 01:05:18]} {[%emt
00:18:34]} 12. Kh1 {[%clk 00:50:15]} {[%emt 00:09:00]} Rfd8 {[%clk 00:59:14]}
{[%emt 00:06:34]} 13. Bd3 {[%clk 00:39:31]} {[%emt 00:11:14]} d5 {[%clk
00:45:17]} {[%emt 00:14:27]} 14. Nxc6 {[%clk 00:35:46]} {[%emt 00:04:15]} Bxc6
{[%clk 00:41:39]} {[%emt 00:04:09]} 15. exd5 {[%clk 00:34:12]} {[%emt
00:02:04]} Nxd5 {[%clk 00:39:16]} {[%emt 00:02:52]} 16. Nxd5 {[%clk 00:32:38]}
{[%emt 00:02:04]} Bxd5 {[%clk 00:34:04]} {[%emt 00:05:42]} 17. Bg3 {[%clk
00:30:04]} {[%emt 00:03:03]} Qb7 {[%clk 00:31:11]} {[%emt 00:03:25]} 18. Qe2
{[%clk 00:25:57]} {[%emt 00:04:36]} Rac8 {[%clk 00:27:58]} {[%emt 00:03:43]}
19. Rab1 {[%clk 00:18:33]} {[%emt 00:07:54]} Bc4 {[%clk 00:23:41]} {[%emt
00:04:47]} 20. Rfd1 {[%clk 00:16:43]} {[%emt 00:02:20]} Qc6 {[%clk 00:19:34]}
{[%emt 00:04:37]} 21. Rbc1 {[%clk 00:12:35]} {[%emt 00:04:38]} Bf6 {[%clk
00:18:34]} {[%emt 00:01:30]} 22. c3 {[%clk 00:08:24]} {[%emt 00:04:41]} Bxd3
{[%clk 00:12:00]} {[%emt 00:07:04]} 23. Rxd3 {[%clk 00:07:50]} {[%emt
00:01:05]} Rxd3 {[%clk 00:11:09]} {[%emt 00:01:20]} 24. Qxd3 {[%clk 00:08:11]}
{[%emt 00:00:09]} Rd8 {[%clk 00:11:19]} {[%emt 00:00:20]} 25. Qe2 {[%clk
00:07:26]} {[%emt 00:01:14]} Qd5 {[%clk 00:10:45]} {[%emt 00:01:05]} 26. Be1
{[%clk 00:04:47]} {[%emt 00:03:08]} Bg5 {[%clk 00:09:14]} {[%emt 00:02:02]} 27.
Ra1 {[%clk 00:04:46]} {[%emt 00:00:31]} Qc4 {[%clk 00:06:39]} {[%emt 00:03:05]}
28. Qxc4 {[%clk 00:02:46]} {[%emt 00:02:30]} bxc4 {[%clk 00:07:05]} {[%emt
00:00:04]} 29. Kg1 {[%clk 00:02:43]} {[%emt 00:00:33]} Rb8 {[%clk 00:07:06]}
{[%emt 00:00:29]} 30. Rb1 {[%clk 00:02:28]} {[%emt 00:00:45]} Be7 {[%clk
00:07:25]} {[%emt 00:00:11]} 31. Bg3 {[%clk 00:02:33]} {[%emt 00:00:25]} Rb3
{[%clk 00:06:39]} {[%emt 00:01:16]} 32. a4 {[%clk 00:01:51]} {[%emt 00:01:12]}
g5 {[%clk 00:04:23]} {[%emt 00:02:45]} 33. f4 {[%clk 00:01:40]} {[%emt
00:00:42]} g4 {[%clk 00:04:04]} {[%emt 00:00:49]} 34. Be1 {[%clk 00:01:38]}
{[%emt 00:00:31]} Ba3 {[%clk 00:04:00]} {[%emt 00:00:35]} 35. Kf2 {[%clk
00:01:42]} {[%emt 00:00:26]} Rxb2+ {[%clk 00:03:21]} {[%emt 00:01:09]} 36. Rxb2
{[%clk 00:01:54]} {[%emt 00:00:18]} Bxb2 {[%clk 00:03:48]} {[%emt 00:00:04]}
37. Ke3 {[%clk 00:02:07]} {[%emt 00:00:15]} Kf8 {[%clk 00:01:54]} {[%emt
00:02:25]} 38. Kd4 {[%clk 00:02:14]} {[%emt 00:00:23]} Ke7 {[%clk 00:01:29]}
{[%emt 00:00:56]} 39. Kxc4 {[%clk 00:01:48]} {[%emt 00:00:55]} Ba3 {[%clk
00:01:42]} {[%emt 00:00:17]} 40. Bf2 {[%clk 00:01:28]} {[%emt 00:00:49]} Kd7
{[%clk 00:00:34]} {[%emt 00:01:39]} 41. Be3 {[%clk 00:22:46]} {[%emt 00:09:12]}
1/2-1/2

[Event "ODJM B 2025"]
[Site "Willingen GER"]
[Date "2025.06.12"]
[Round "7"]
[White "Junge, Julia Marie"]
[Black "Rotärmel, Leonie"]
[Result "1/2-1/2"]
[Termination "normal"]
[Board "34"]
[WhiteElo "1734"]
[BlackElo "1699"]
[WhiteClock "00:46:41"]
[BlackClock "00:21:50"]
[PlyCount "42"]
[WhiteFideId "16293908"]
[BlackFideId "16281390"]
[EventCountry "GER"]
[EventRounds "9"]
[EventType "swiss"]
[EventDate "2025.06.07"]

1. c4 {[%clk 01:30:58]} {[%emt 00:00:01]} Nf6 {[%clk 01:30:40]} {[%emt
00:00:21]} 2. g3 {[%clk 01:31:07]} {[%emt 00:00:20]} e6 {[%clk 01:31:04]}
{[%emt 00:00:06]} 3. Bg2 {[%clk 01:31:30]} {[%emt 00:00:07]} d5 {[%emt
00:00:21]} 4. Nf3 {[%clk 01:30:26]} {[%emt 00:01:19]} Be7 {[%clk 01:31:09]}
{[%emt 00:00:48]} 5. d4 {[%clk 01:30:03]} {[%emt 00:00:54]} c5 {[%clk
01:30:43]} {[%emt 00:00:57]} 6. cxd5 {[%clk 01:27:32]} {[%emt 00:03:01]} Nxd5
{[%clk 01:26:58]} {[%emt 00:04:12]} 7. O-O {[%clk 01:26:21]} {[%emt 00:01:43]}
Nc6 {[%clk 01:26:52]} {[%emt 00:00:36]} 8. Nc3 {[%clk 01:24:03]} {[%emt
00:02:47]} Nxc3 {[%clk 01:14:22]} {[%emt 00:13:01]} 9. bxc3 {[%clk 01:23:56]}
{[%emt 00:00:36]} O-O {[%clk 01:09:11]} {[%emt 00:05:41]} 10. e4 {[%clk
01:22:49]} {[%emt 00:01:38]} cxd4 {[%clk 00:56:42]} {[%emt 00:12:59]} 11. cxd4
{[%clk 01:22:33]} {[%emt 00:00:46]} Bf6 {[%clk 00:55:38]} {[%emt 00:01:34]} 12.
Be3 {[%clk 01:21:43]} {[%emt 00:01:20]} Qd7 {[%clk 00:53:18]} {[%emt 00:02:50]}
13. Qd2 {[%clk 01:17:35]} {[%emt 00:04:38]} Rd8 {[%clk 00:51:55]} {[%emt
00:01:53]} 14. Rfd1 {[%clk 01:14:11]} {[%emt 00:03:53]} b6 {[%clk 00:51:41]}
{[%emt 00:00:45]} 15. Rac1 {[%clk 01:11:41]} {[%emt 00:03:00]} Bb7 {[%clk
00:51:18]} {[%emt 00:00:53]} 16. Bh3 {[%clk 01:09:41]} {[%emt 00:02:30]} Qe8
{[%clk 00:48:09]} {[%emt 00:03:39]} 17. Qe2 {[%clk 01:03:59]} {[%emt 00:06:12]}
h6 {[%clk 00:34:44]} {[%emt 00:13:55]} 18. Bg2 {[%clk 00:57:03]} {[%emt
00:07:26]} Rac8 {[%clk 00:33:03]} {[%emt 00:02:11]} 19. Qb5 {[%clk 00:50:17]}
{[%emt 00:07:16]} Na5 {[%clk 00:24:33]} {[%emt 00:08:59]} 20. Qxe8+ {[%clk
00:49:24]} {[%emt 00:01:23]} Rxe8 {[%clk 00:25:00]} {[%emt 00:00:02]} 21. Nd2
{[%clk 00:46:41]} {[%emt 00:03:14]} Red8 {[%clk 00:21:50]} {[%emt 00:03:40]}
1/2-1/2

[Event "ODJM B 2025"]
[Site "Willingen GER"]
[Date "2025.06.12"]
[Round "7"]
[White "Rempe, Mieke"]
[Black "Hladeniuk, Yelyzaveta"]
[Result "1-0"]
[Termination "normal"]
[Board "35"]
[WhiteElo "1779"]
[BlackElo "1642"]
[WhiteClock "00:38:10"]
[BlackClock "00:43:10"]
[PlyCount "39"]
[WhiteFideId "16202384"]
[BlackFideId "34176128"]
[EventCountry "GER"]
[EventRounds "9"]
[EventType "swiss"]
[EventDate "2025.06.07"]

1. e4 {[%clk 01:30:59]} {[%emt 00:00:01]} c6 {[%clk 01:30:56]} {[%emt
00:00:04]} 2. d4 {[%clk 01:31:25]} {[%emt 00:00:03]} d5 {[%clk 01:31:22]}
{[%emt 00:00:04]} 3. exd5 {[%clk 01:31:51]} {[%emt 00:00:05]} cxd5 {[%emt
00:00:10]} 4. c4 {[%clk 01:32:17]} Nf6 {[%clk 01:31:09]} {[%emt 00:01:06]} 5.
Nc3 {[%clk 01:32:26]} {[%emt 00:00:20]} Bg4 {[%clk 01:28:04]} {[%emt 00:03:35]}
6. Qb3 {[%clk 01:30:19]} {[%emt 00:02:38]} Qd7 {[%clk 01:17:08]} {[%emt
00:11:25]} 7. cxd5 {[%clk 01:27:31]} {[%emt 00:03:18]} a6 {[%clk 01:15:35]}
{[%emt 00:02:04]} 8. h3 {[%clk 01:17:14]} {[%emt 00:10:47]} Bf5 {[%clk
01:14:23]} {[%emt 00:01:41]} 9. Nf3 {[%clk 01:15:36]} {[%emt 00:02:09]} e6
{[%clk 01:10:23]} {[%emt 00:04:29]} 10. Ne5 {[%clk 01:09:22]} {[%emt 00:06:45]}
Qc8 {[%clk 01:05:34]} {[%emt 00:05:18]} 11. g4 {[%clk 01:08:58]} {[%emt
00:00:54]} Be4 {[%clk 00:59:47]} {[%emt 00:06:17]} 12. Nxe4 {[%clk 01:08:17]}
{[%emt 00:01:12]} Nxe4 {[%clk 00:59:37]} {[%emt 00:00:40]} 13. Bg2 {[%clk
01:08:41]} {[%emt 00:00:06]} Nd6 {[%clk 00:58:52]} {[%emt 00:01:14]} 14. Bf4
{[%clk 01:08:29]} {[%emt 00:00:42]} Ra7 {[%clk 00:53:53]} {[%emt 00:05:29]} 15.
Rc1 {[%clk 00:50:43]} {[%emt 00:18:16]} Qd8 {[%clk 00:52:20]} {[%emt 00:02:04]}
16. dxe6 {[%clk 00:50:03]} {[%emt 00:01:10]} fxe6 {[%clk 00:47:19]} {[%emt
00:05:31]} 17. Qxe6+ {[%clk 00:45:30]} {[%emt 00:05:03]} Qe7 {[%clk 00:46:59]}
{[%emt 00:00:50]} 18. d5 {[%clk 00:40:15]} {[%emt 00:05:45]} b5 {[%clk
00:43:42]} {[%emt 00:03:46]} 19. Nf7 {[%clk 00:38:14]} {[%emt 00:02:31]} Qxe6+
{[%clk 00:43:10]} {[%emt 00:01:03]} 20. dxe6 {[%clk 00:38:10]} {[%emt
00:00:34]} 1-0